Opakowania aktywne i inteligentne w przemyśle mleczarskim

Guardado en:
Detalles Bibliográficos
Autor principal: Kosiorowska, Małgorzata, 1978-
Otros Autores: Lesiów, Tomasz
Formato: Capítulo de libro
Lenguaje:polaco
Etiquetas: Agregar Etiqueta
Sin Etiquetas, Sea el primero en etiquetar este registro!

MARC

LEADER 00000naa a2200000 4500
001 0173591
005 20240502083414.5
041 0 |a pol 
044 |a PL 
245 1 0 |a Opakowania aktywne i inteligentne w przemyśle mleczarskim  |c Małgorzata Kosiorowska, Tomasz Lesiów 
100 1 |a Kosiorowska, Małgorzata, 1978- 
700 1 |a Lesiów, Tomasz